logo

Bir Sreshtho Munshi Abdur Rouf Library
Jhenaidah Cadet College

You can prevent illness / (Record no. 5930)

MARC details
000 -LEADER
fixed length control field 00738nam a2200289 a 4500
001 - CONTROL NUMBER
JCCL Control Number 5930
003 - CONTROL NUMBER IDENTIFIER
JCCL marc code BD-JhCC
005 - DATE AND TIME OF LATEST TRANSACTION
control field 20171231194025.0
008 - FIXED-LENGTH DATA ELEMENTS--GENERAL INFORMATION
fixed length control field 171230s1960 us 001 0 eng d
035 ## - SYSTEM CONTROL NUMBER
system control number (BD-JhCC)
035 ## - SYSTEM CONTROL NUMBER
system control number (BD-JhCC)5930
040 ## - CATALOGING SOURCE
Original cataloging agency BD-JhCC
Transcribing agency FO
Modifying agency BD-JhCC
-- DLC
041 ## - LANGUAGE CODE
Language code of Book eng
050 00 - LIBRARY OF CONGRESS CALL NUMBER
Classification number RA776
Item number .P63
082 ## - DEWEY DECIMAL CLASSIFICATION NUMBER
Classification number 613
Author mark and Year PIN 1960
100 1# - MAIN ENTRY--PERSONAL NAME
Personal name Pinckney, Edward R.
245 10 - TITLE STATEMENT
Title You can prevent illness /
Statement of responsibility, etc Edward R. Pinckney,
250 ## - EDITION STATEMENT
Edition statement 1st ed.
260 ## - PUBLICATION, DISTRIBUTION, ETC. (IMPRINT)
Place of publication, distribution, etc Philadelphia,
Name of publisher, distributor, etc Lippincott,
Date of publication, distribution, etc [1960]
300 ## - PHYSICAL DESCRIPTION
Pagination 157 p.
Other physical details illus.
Dimensions 21 cm.
504 ## - BIBLIOGRAPHY, ETC. NOTE
Bibliography, etc includes index
650 #0 - SUBJECT ADDED ENTRY--TOPICAL TERM
Topical term or geographic name as entry element Hygiene.
650 #0 - SUBJECT ADDED ENTRY--TOPICAL TERM
Topical term or geographic name as entry element Medicine, Preventive.
650 #0 - SUBJECT ADDED ENTRY--TOPICAL TERM
Topical term or geographic name as entry element Medicine, Popular.
942 ## - ADDED ENTRY ELEMENTS (KOHA)
Source of classification or shelving scheme Dewey Decimal Classification
Koha item type Books
Holdings
Source of classification or shelving scheme Damaged status Not for loan Home library Current library Shelving location Date of accession Total Checkouts Full call number Barcode Date last seen Copy number Koha item type
Dewey Decimal Classification     JCC Rouf Library JCC Rouf Library General Stacks 12/30/2017   613 PIN 1960 7851 12/30/2017 C - 1 Books

JCC Library | Contacts | JCC Home

Last Update on 23 September 2017
Copyright @ 2017-2020 JCC Rouf Library
Rouf Library, Jhenidah Cadet College (JCC), Bangladesh